000 00368nam a2200145 i 4500
001 bg
100 1 _aUSIK, W. P.
245 0 _aLaboratornye raboty po obscej elektrotechnike /
_cW.P. Usik, B.M. Nacholskij.
260 _aMoskwa,
_c1972.
700 1 _aNACHOLSKIJ, B. M.
040 _cBPK
041 _apol
942 _cKS
008 s pl f |000 0 pol
999 _c15090
_d15090
856 _uhttp://koha.tu.koszalin.pl/cgi-bin/koha/opac-detail.pl?biblionumber=15090
_yKatalog online BPK